| 000 | 00000nam##2200000za#4500 |
| 001 | 9.696495 |
| 003 | CaOODSP |
| 005 | 20210624235048 |
| 007 | cr ||||||||||| |
| 008 | 150407|2000||||xxc|||||o f|0| 0 eng|d |
| 040 | |aCaOODSP|beng |
| 043 | |an-cn--- |
| 086 | 1 |aH34-105/2000-4E-PDF |
| 110 | 1 |aCanada.|bHealth Canada. |bMedical Services Branch. |
| 245 | 10|aPreparation activities - 4 |h[electronic resource] |
| 246 | 3 |aFirst Nations and Inuit home and community care planning resource kit |
| 260 | |aOttawa - Ontario : |bHealth Canada. |cc2000. |
| 300 | |a142p.|bfigs., graphs, tables, photographs |
| 500 | |aThe catalogue number (H34-105/2000-4E) and ISBN (0-662-28522-0) for the print edition have been incorrectly copied in this electronic publication. |
| 590 | |a12-35-Supp|b2012-08-09 |
| 775 | 08|tActivités préliminaires à la prestation des services - 4 |w(CaOODSP)9.640610 |
| 856 | 40|ahttp://publications.gc.ca|qPDF|s1.33 MB|uhttps://publications.gc.ca/collections/Collection/H34-105-2000-4E.pdf |